Statystyki dla Wynalazki według państwa

Kliknij tutaj aby rozwiązać quiz!

Ogólne statystyki

  • Ten quiz został rozwiązany 11 814 razy
  • Średni wynik to 11 z 24

Statystyki odpowiedzi

WynalazekKiedyKraj% Poprawnych
Samolot1903 r.Stany Zjednoczone
82%
Samochód1885 r.Niemcy
81%
PizzanieznaneWłochy
81%
Proch strzelniczyVIII w.Chiny
73%
DemokracjaV w. p.n.e.Grecja
68%
Koszykówka1891 r.Stany Zjednoczone
68%
Jedwab3500 r. p.n.e.Chiny
65%
Espresso1884 r.Włochy
56%
Satelita1957 r.Rosja
55%
Dynamit1867 r.Szwecja
53%
Lokomotywa1804 r.Wielka Brytania
50%
Balon na ogrzane powietrze1783 r.Francja
44%
Bikini1946 r.Francja
43%
SzachyVI w.Indie
38%
GolfXV w.Wielka Brytania
36%
KompasXI w.Chiny
28%
Kostka rubika1974 r.Węgry
27%
Psychoanaliza~1890 r.Austria
22%
Okulary1286 r.Włochy
18%
KawaXV w.Etiopia
15%
Rynek papierów wartościowych1602 r.Holandia
14%
Siedmiodniowy tydzień?Irak
12%
Glutaminian sodu1908 r.Japonia
11%
Pomarańczowa marchewkaXVI w.Holandia
10%

Rozkład punktacji

Percentyl według liczby udzielonych odpowiedzi

Procent ludzi z każdym wynikiem

Twoja historia wyników

Nie rozwiązałeś tego quizu